[Event "ODJM B 2024"]
[Site "Willingen GER"]
[Date "2024.05.20"]
[Round "3"]
[White "Hendler, Maximilian"]
[Black "Seifert, Hendrik"]
[Result "0-1"]
[Termination "normal"]
[Board "7"]
[WhiteElo "1616"]
[BlackElo "1748"]
[WhiteClock "00:17:00"]
[BlackClock "00:02:42"]
[PlyCount "48"]
[WhiteFideId "34616500"]
[BlackFideId "16241193"]
[EventCountry "GER"]
[EventRounds "9"]
[EventType "swiss"]
[EventDate "2024.05.18"]

1. e4 {[%clk 01:30:55]} {[%emt 00:00:05]} e5 {[%clk 01:30:32]} {[%emt
00:00:20]} 2. Nf3 {[%clk 01:31:19]} {[%emt 00:00:15]} Nc6 {[%clk 01:30:53]}
{[%emt 00:00:09]} 3. Bc4 {[%clk 01:31:42]} {[%emt 00:00:07]} Nf6 {[%clk
01:31:05]} {[%emt 00:00:18]} 4. Ng5 {[%clk 01:32:04]} {[%emt 00:00:08]} d5
{[%clk 01:31:07]} {[%emt 00:00:28]} 5. exd5 {[%clk 01:32:21]} {[%emt 00:00:13]}
Na5 {[%clk 01:31:26]} {[%emt 00:00:11]} 6. Bb5+ {[%clk 01:32:40]} {[%emt
00:00:11]} Bd7 {[%clk 01:31:49]} {[%emt 00:00:07]} 7. Qe2 {[%clk 01:26:53]}
{[%emt 00:06:17]} Bd6 {[%clk 01:31:34]} {[%emt 00:00:43]} 8. Ne4 {[%clk
01:15:13]} {[%emt 00:12:11]} Nxe4 {[%clk 01:18:48]} {[%emt 00:13:16]} 9. Bxd7+
{[%clk 01:15:33]} {[%emt 00:00:10]} Qxd7 {[%clk 01:19:11]} {[%emt 00:00:08]}
10. Qxe4 {[%clk 01:15:56]} {[%emt 00:00:07]} f5 {[%clk 01:04:30]} {[%emt
00:15:10]} 11. Qh4 {[%clk 01:11:04]} {[%emt 00:05:23]} Be7 {[%clk 00:52:23]}
{[%emt 00:12:37]} 12. Qg3 {[%clk 01:08:00]} {[%emt 00:03:34]} Qxd5 {[%clk
00:50:22]} {[%emt 00:02:31]} 13. Nc3 {[%clk 01:03:28]} {[%emt 00:05:02]} Qe6
{[%clk 00:44:54]} {[%emt 00:05:57]} 14. O-O {[%clk 00:59:12]} {[%emt 00:04:46]}
O-O-O {[%clk 00:38:07]} {[%emt 00:07:17]} 15. Re1 {[%clk 00:51:41]} {[%emt
00:08:01]} Nc6 {[%clk 00:29:46]} {[%emt 00:08:51]} 16. a3 {[%clk 00:44:56]}
{[%emt 00:07:16]} g5 {[%clk 00:23:19]} {[%emt 00:06:57]} 17. b4 {[%clk
00:31:31]} {[%emt 00:13:54]} f4 {[%clk 00:13:11]} {[%emt 00:10:37]} 18. Qf3
{[%clk 00:30:09]} {[%emt 00:01:53]} Rdf8 {[%clk 00:07:31]} {[%emt 00:06:10]}
19. b5 {[%clk 00:27:23]} {[%emt 00:03:16]} Nd8 {[%clk 00:05:25]} {[%emt
00:02:37]} 20. d4 {[%clk 00:20:22]} {[%emt 00:07:30]} Bd6 {[%clk 00:04:56]}
{[%emt 00:00:59]} 21. dxe5 {[%clk 00:20:06]} {[%emt 00:00:46]} Nf7 {[%clk
00:04:23]} {[%emt 00:01:03]} 22. Bb2 {[%clk 00:19:10]} {[%emt 00:01:26]} Nxe5
{[%clk 00:04:23]} {[%emt 00:00:29]} 23. Qe4 {[%clk 00:18:49]} {[%emt 00:00:52]}
f3 {[%clk 00:02:21]} {[%emt 00:02:33]} 24. g3 {[%clk 00:17:00]} {[%emt
00:02:18]} Qh3 {[%clk 00:02:42]} 0-1

[Event "ODJM B 2024"]
[Site "Willingen GER"]
[Date "2024.05.20"]
[Round "3"]
[White "Fettig, Michel"]
[Black "Schönherr, Stijn"]
[Result "0-1"]
[Termination "normal"]
[Board "8"]
[WhiteElo "1680"]
[BlackElo "1601"]
[WhiteClock "00:56:44"]
[BlackClock "00:38:50"]
[PlyCount "50"]
[WhiteFideId "34608982"]
[BlackFideId "34611622"]
[EventCountry "GER"]
[EventRounds "9"]
[EventType "swiss"]
[EventDate "2024.05.18"]

1. c4 {[%clk 01:30:57]} {[%emt 00:00:02]} e5 {[%clk 01:30:53]} {[%emt
00:00:08]} 2. g3 {[%clk 01:31:18]} {[%emt 00:00:08]} Nc6 {[%clk 01:31:14]}
{[%emt 00:00:09]} 3. Bg2 {[%clk 01:31:38]} {[%emt 00:00:10]} g6 {[%clk
01:31:34]} {[%emt 00:00:10]} 4. Nc3 {[%clk 01:31:33]} {[%emt 00:00:35]} Bg7
{[%clk 01:31:51]} {[%emt 00:00:13]} 5. d3 {[%clk 01:31:30]} {[%emt 00:00:33]}
d6 {[%clk 01:32:08]} {[%emt 00:00:13]} 6. e4 {[%clk 01:31:43]} {[%emt
00:00:18]} Nge7 {[%clk 01:30:44]} {[%emt 00:01:53]} 7. Nge2 {[%clk 01:31:58]}
{[%emt 00:00:15]} Be6 {[%clk 01:30:50]} {[%emt 00:00:24]} 8. O-O {[%clk
01:32:14]} {[%emt 00:00:14]} Qd7 {[%clk 01:31:06]} {[%emt 00:00:14]} 9. a3
{[%clk 01:31:38]} {[%emt 00:01:06]} a5 {[%clk 01:30:36]} {[%emt 00:01:00]} 10.
f4 {[%clk 01:31:43]} {[%emt 00:00:26]} O-O {[%clk 01:28:52]} {[%emt 00:02:13]}
11. Nd5 {[%clk 01:26:36]} {[%emt 00:05:37]} f5 {[%clk 01:10:03]} {[%emt
00:19:19]} 12. Nec3 {[%clk 01:22:39]} {[%emt 00:04:27]} Nd4 {[%clk 00:59:38]}
{[%emt 00:10:56]} 13. Be3 {[%clk 01:20:44]} {[%emt 00:02:25]} Nec6 {[%clk
00:55:36]} {[%emt 00:04:32]} 14. b4 {[%clk 01:07:23]} {[%emt 00:13:50]} axb4
{[%clk 00:52:57]} {[%emt 00:03:09]} 15. axb4 {[%clk 01:07:17]} {[%emt
00:00:36]} Rxa1 {[%clk 00:53:13]} {[%emt 00:00:13]} 16. Qxa1 {[%clk 01:07:18]}
{[%emt 00:00:29]} Bxd5 {[%clk 00:49:06]} {[%emt 00:04:38]} 17. Nxd5 {[%clk
01:06:08]} {[%emt 00:01:41]} exf4 {[%clk 00:46:56]} {[%emt 00:02:39]} 18. Nxf4
{[%clk 01:01:22]} {[%emt 00:05:15]} Ne2+ {[%clk 00:47:05]} {[%emt 00:00:22]}
19. Nxe2 {[%clk 01:01:47]} {[%emt 00:00:06]} Bxa1 {[%clk 00:47:30]} {[%emt
00:00:05]} 20. Rxa1 {[%clk 01:02:05]} {[%emt 00:00:11]} Nxb4 {[%clk 00:44:26]}
{[%emt 00:03:33]} 21. Nd4 {[%clk 01:00:18]} {[%emt 00:02:18]} c5 {[%clk
00:42:45]} {[%emt 00:02:12]} 22. exf5 {[%clk 01:00:10]} {[%emt 00:00:37]} cxd4
{[%clk 00:39:18]} {[%emt 00:03:57]} 23. Bxd4 {[%clk 01:00:39]} {[%emt
00:00:01]} Qxf5 {[%clk 00:39:35]} {[%emt 00:00:13]} 24. Bc3 {[%clk 00:57:57]}
{[%emt 00:03:13]} Qxd3 {[%clk 00:38:29]} {[%emt 00:01:35]} 25. Rc1 {[%clk
00:56:44]} {[%emt 00:01:43]} Qe3+ {[%clk 00:38:50]} {[%emt 00:00:09]} 0-1

[Event "ODJM B 2024"]
[Site "Willingen GER"]
[Date "2024.05.20"]
[Round "3"]
[White "Hierl, Andreas"]
[Black "Reuter, Luca Marek"]
[Result "0-1"]
[Termination "normal"]
[Board "9"]
[WhiteElo "1713"]
[BlackElo "1739"]
[WhiteClock "00:00:36"]
[BlackClock "00:05:12"]
[PlyCount "70"]
[WhiteFideId "34660496"]
[BlackFideId "16226712"]
[EventCountry "GER"]
[EventRounds "9"]
[EventType "swiss"]
[EventDate "2024.05.18"]

1. e4 {[%clk 01:30:58]} {[%emt 00:00:01]} c6 {[%clk 01:30:30]} {[%emt
00:00:31]} 2. d4 {[%clk 01:31:22]} {[%emt 00:00:05]} d5 {[%clk 01:30:57]}
{[%emt 00:00:04]} 3. exd5 {[%clk 01:31:47]} {[%emt 00:00:04]} cxd5 {[%clk
01:31:18]} {[%emt 00:00:09]} 4. Bd3 {[%clk 01:32:15]} {[%emt 00:00:02]} Nc6
{[%clk 01:30:44]} {[%emt 00:01:05]} 5. c3 {[%clk 01:28:57]} {[%emt 00:03:48]}
Nf6 {[%clk 01:28:55]} {[%emt 00:02:19]} 6. Bf4 {[%clk 01:29:21]} {[%emt
00:00:06]} Bg4 {[%clk 01:29:09]} {[%emt 00:00:16]} 7. Qb3 {[%clk 01:29:46]}
{[%emt 00:00:05]} e5 {[%clk 01:29:18]} {[%emt 00:00:22]} 8. Bxe5 {[%clk
01:25:23]} {[%emt 00:04:52]} Qe7 {[%clk 01:29:28]} {[%emt 00:00:20]} 9. Ne2
{[%clk 01:24:52]} {[%emt 00:01:01]} Nxe5 {[%clk 01:29:29]} {[%emt 00:00:29]}
10. dxe5 {[%clk 01:25:14]} {[%emt 00:00:08]} Qxe5 {[%clk 01:29:55]} {[%emt
00:00:04]} 11. f3 {[%clk 01:21:21]} {[%emt 00:04:23]} Bd7 {[%clk 01:27:14]}
{[%emt 00:03:11]} 12. Na3 {[%clk 01:19:45]} {[%emt 00:02:05]} Bc5 {[%clk
01:16:42]} {[%emt 00:11:03]} 13. Nc2 {[%clk 01:18:57]} {[%emt 00:01:18]} O-O
{[%clk 01:09:10]} {[%emt 00:08:02]} 14. O-O-O {[%clk 01:09:52]} {[%emt
00:09:35]} b5 {[%clk 01:06:23]} {[%emt 00:03:18]} 15. Kb1 {[%clk 01:06:57]}
{[%emt 00:03:46]} a5 {[%clk 00:59:48]} {[%emt 00:07:07]} 16. a3 {[%clk
01:01:11]} {[%emt 00:06:14]} Rfb8 {[%clk 00:57:19]} {[%emt 00:03:00]} 17. Rhe1
{[%clk 00:53:09]} {[%emt 00:08:32]} Qc7 {[%clk 00:56:22]} {[%emt 00:01:27]} 18.
Ned4 {[%clk 00:50:28]} {[%emt 00:03:11]} Qa7 {[%clk 00:53:23]} {[%emt
00:03:29]} 19. Qa2 {[%clk 00:43:33]} {[%emt 00:07:24]} Qb6 {[%clk 00:50:48]}
{[%emt 00:03:06]} 20. b4 {[%clk 00:40:07]} {[%emt 00:03:55]} Bd6 {[%clk
00:49:00]} {[%emt 00:02:18]} 21. Bf5 {[%clk 00:37:54]} {[%emt 00:02:43]} Be8
{[%clk 00:37:13]} {[%emt 00:12:18]} 22. Qb3 {[%clk 00:34:48]} {[%emt 00:03:35]}
axb4 {[%clk 00:35:03]} {[%emt 00:02:40]} 23. cxb4 {[%clk 00:34:56]} {[%emt
00:00:22]} Ra7 {[%clk 00:34:23]} {[%emt 00:01:11]} 24. g3 {[%clk 00:30:16]}
{[%emt 00:05:10]} Rc7 {[%clk 00:34:00]} {[%emt 00:00:52]} 25. Ne3 {[%clk
00:26:41]} {[%emt 00:04:05]} g6 {[%clk 00:32:04]} {[%emt 00:02:26]} 26. Bh3
{[%clk 00:25:51]} {[%emt 00:01:20]} Be5 {[%clk 00:25:27]} {[%emt 00:07:07]} 27.
Nxd5 {[%clk 00:22:45]} {[%emt 00:03:36]} Nxd5 {[%clk 00:25:50]} {[%emt
00:00:07]} 28. Qxd5 {[%emt 00:00:19]} Bg7 {[%clk 00:25:15]} {[%emt 00:00:54]}
29. Re4 {[%clk 00:08:33]} {[%emt 00:15:04]} Qf6 {[%clk 00:22:00]} {[%emt
00:03:46]} 30. Rf4 {[%clk 00:06:10]} {[%emt 00:02:52]} Rd8 {[%clk 00:20:58]}
{[%emt 00:01:32]} 31. Qb3 {[%clk 00:03:12]} {[%emt 00:03:29]} Qd6 {[%clk
00:19:38]} {[%emt 00:01:51]} 32. Rd3 {[%clk 00:01:58]} {[%emt 00:01:43]} Rc4
{[%clk 00:19:12]} {[%emt 00:00:55]} 33. Re3 {[%clk 00:00:34]} {[%emt 00:01:54]}
Bxd4 {[%clk 00:18:39]} {[%emt 00:01:03]} 34. Rd3 {[%clk 00:00:33]} {[%emt
00:00:32]} Qb6 {[%clk 00:15:58]} {[%emt 00:03:10]} 35. Bf1 {[%clk 00:00:36]}
{[%emt 00:00:27]} g5 {[%clk 00:05:12]} {[%emt 00:11:17]} 0-1

[Event "ODJM B 2024"]
[Site "Willingen GER"]
[Date "2024.05.20"]
[Round "3"]
[White "Sniegowski, Richard"]
[Black "John, Niklas"]
[Result "0-1"]
[Termination "normal"]
[Board "10"]
[WhiteElo "1683"]
[BlackElo "1797"]
[WhiteClock "01:09:18"]
[BlackClock "00:28:53"]
[PlyCount "86"]
[WhiteFideId "34664181"]
[BlackFideId "16234626"]
[EventCountry "GER"]
[EventRounds "9"]
[EventType "swiss"]
[EventDate "2024.05.18"]

1. e4 {[%clk 01:30:58]} c5 {[%clk 01:30:51]} {[%emt 00:00:10]} 2. c3 {[%clk
01:31:25]} {[%emt 00:00:03]} Nf6 {[%clk 01:31:04]} {[%emt 00:00:17]} 3. e5
{[%clk 01:31:49]} {[%emt 00:00:06]} Nd5 {[%clk 01:31:22]} {[%emt 00:00:11]} 4.
Nf3 {[%clk 01:32:15]} {[%emt 00:00:05]} Nc6 {[%clk 01:28:15]} {[%emt 00:03:36]}
5. d4 {[%clk 01:31:54]} {[%emt 00:00:52]} cxd4 {[%clk 01:28:29]} {[%emt
00:00:16]} 6. cxd4 {[%clk 01:32:18]} {[%emt 00:00:06]} d6 {[%clk 01:25:22]}
{[%emt 00:03:37]} 7. Bc4 {[%clk 01:31:11]} {[%emt 00:01:38]} Nb6 {[%clk
01:24:50]} {[%emt 00:01:01]} 8. Bb3 {[%clk 01:31:35]} {[%emt 00:00:06]} dxe5
{[%clk 01:24:28]} {[%emt 00:00:52]} 9. dxe5 {[%clk 01:30:28]} {[%emt 00:01:37]}
Qxd1+ {[%clk 01:23:41]} {[%emt 00:01:16]} 10. Bxd1 {[%clk 01:30:30]} {[%emt
00:00:28]} Bg4 {[%clk 01:23:18]} {[%emt 00:00:54]} 11. O-O {[%clk 01:22:08]}
{[%emt 00:08:52]} g6 {[%clk 01:19:35]} {[%emt 00:04:13]} 12. h3 {[%clk
01:21:20]} {[%emt 00:01:17]} Bf5 {[%clk 01:14:53]} {[%emt 00:05:12]} 13. Nc3
{[%clk 01:18:49]} {[%emt 00:03:03]} Bg7 {[%clk 01:13:51]} {[%emt 00:01:32]} 14.
Bf4 {[%clk 01:18:58]} {[%emt 00:00:20]} Nc4 {[%clk 01:06:54]} {[%emt 00:07:28]}
15. Nb5 {[%clk 00:54:45]} {[%emt 00:24:43]} O-O {[%clk 01:01:00]} {[%emt
00:06:23]} 16. b3 {[%clk 00:49:46]} {[%emt 00:05:29]} N4xe5 {[%clk 00:57:28]}
{[%emt 00:04:01]} 17. Nxe5 {[%clk 00:49:24]} {[%emt 00:00:53]} Nxe5 {[%clk
00:56:47]} {[%emt 00:01:10]} 18. Bxe5 {[%clk 00:48:34]} {[%emt 00:01:21]} Bxe5
{[%clk 00:57:02]} {[%emt 00:00:15]} 19. Rc1 {[%clk 00:48:17]} {[%emt 00:00:45]}
a6 {[%clk 00:27:31]} {[%emt 00:30:03]} 20. Nc3 {[%clk 00:47:59]} {[%emt
00:00:48]} Bf4 {[%clk 00:26:48]} {[%emt 00:01:13]} 21. Ra1 {[%clk 00:48:08]}
{[%emt 00:00:22]} Bd2 {[%clk 00:25:26]} {[%emt 00:01:50]} 22. Nd5 {[%clk
00:47:20]} {[%emt 00:01:18]} Bd3 {[%clk 00:19:19]} {[%emt 00:06:37]} 23. Nxe7+
{[%clk 00:44:36]} {[%emt 00:03:14]} Kg7 {[%clk 00:19:23]} {[%emt 00:00:26]} 24.
Bf3 {[%clk 00:44:34]} {[%emt 00:00:32]} Bxf1 {[%clk 00:18:56]} {[%emt
00:00:58]} 25. Kxf1 {[%clk 00:44:57]} {[%emt 00:00:05]} Rfe8 {[%clk 00:16:45]}
{[%emt 00:02:43]} 26. Nd5 {[%clk 00:44:59]} {[%emt 00:00:28]} Re5 {[%clk
00:15:06]} {[%emt 00:02:09]} 27. g3 {[%clk 00:41:20]} {[%emt 00:04:08]} Rae8
{[%clk 00:11:45]} {[%emt 00:03:50]} 28. Nb6 {[%clk 00:40:05]} {[%emt 00:01:46]}
Bc3 {[%clk 00:08:28]} {[%emt 00:03:47]} 29. Rc1 {[%clk 00:40:05]} {[%emt
00:00:31]} Re1+ {[%clk 00:06:49]} {[%emt 00:02:09]} 30. Rxe1 {[%clk 00:40:28]}
{[%emt 00:00:07]} Rxe1+ {[%clk 00:07:13]} {[%emt 00:00:06]} 31. Kg2 {[%clk
00:40:56]} {[%emt 00:00:02]} Ra1 {[%clk 00:06:50]} {[%emt 00:00:53]} 32. Bxb7
{[%clk 00:40:00]} {[%emt 00:01:26]} Rxa2 {[%clk 00:06:45]} {[%emt 00:00:35]}
33. Kf1 {[%clk 00:40:03]} {[%emt 00:00:26]} Bd4 {[%clk 00:06:35]} {[%emt
00:00:40]} 34. Nc4 {[%clk 00:40:12]} {[%emt 00:00:22]} Rxf2+ {[%clk 00:06:24]}
{[%emt 00:00:40]} 35. Ke1 {[%clk 00:40:36]} {[%emt 00:00:06]} Rh2 {[%clk
00:02:26]} {[%emt 00:04:28]} 36. Bc8 {[%clk 00:40:03]} {[%emt 00:01:04]} a5
{[%clk 00:02:08]} {[%emt 00:00:48]} 37. Kd1 {[%clk 00:39:50]} {[%emt 00:00:43]}
Bc3 {[%clk 00:01:16]} {[%emt 00:01:21]} 38. Kc1 {[%clk 00:39:46]} {[%emt
00:00:35]} Bb4 {[%clk 00:01:03]} {[%emt 00:00:43]} 39. Kd1 {[%clk 00:39:50]}
{[%emt 00:00:26]} Rg2 {[%clk 00:01:04]} {[%emt 00:00:28]} 40. g4 {[%clk
00:40:09]} {[%emt 00:00:12]} Rg3 {[%clk 00:00:58]} {[%emt 00:00:36]} 41. h4
{[%clk 00:39:38]} {[%emt 00:01:00]} Rxb3 {[%clk 00:00:41]} {[%emt 00:00:47]}
42. h5 {[%clk 00:39:27]} {[%emt 00:00:41]} a4 {[%clk 00:28:45]} {[%emt
00:02:27]} 43. Nd2 {[%clk 01:09:18]} {[%emt 00:00:39]} Rd3 {[%clk 00:28:53]}
{[%emt 00:00:21]} 0-1

[Event "ODJM B 2024"]
[Site "Willingen GER"]
[Date "2024.05.20"]
[Round "3"]
[White "Langer, Paul Georg"]
[Black "Reuter, Max"]
[Result "1/2-1/2"]
[Termination "normal"]
[Board "11"]
[WhiteElo "1882"]
[BlackElo "1712"]
[WhiteClock "00:00:42"]
[BlackClock "00:00:38"]
[PlyCount "125"]
[WhiteFideId "16230051"]
[BlackFideId "16263715"]
[EventCountry "GER"]
[EventRounds "9"]
[EventType "swiss"]
[EventDate "2024.05.18"]

1. d4 {[%clk 01:30:58]} {[%emt 00:00:01]} d5 {[%clk 01:30:38]} {[%emt
00:00:22]} 2. Nc3 {[%clk 01:31:23]} {[%emt 00:00:06]} Nf6 {[%clk 01:29:50]}
{[%emt 00:01:16]} 3. Bf4 {[%clk 01:31:41]} {[%emt 00:00:14]} Bf5 {[%clk
01:29:45]} {[%emt 00:00:34]} 4. f3 {[%clk 01:31:40]} {[%emt 00:00:31]} h5
{[%clk 01:25:40]} {[%emt 00:04:35]} 5. e3 {[%clk 01:28:06]} {[%emt 00:04:05]}
e6 {[%clk 01:21:57]} {[%emt 00:04:13]} 6. Bd3 {[%clk 01:25:49]} {[%emt
00:02:47]} Bxd3 {[%clk 01:20:17]} {[%emt 00:02:09]} 7. Qxd3 {[%clk 01:26:14]}
{[%emt 00:00:06]} a6 {[%clk 01:06:24]} {[%emt 00:14:22]} 8. e4 {[%clk
01:20:21]} {[%emt 00:06:23]} Be7 {[%clk 00:54:41]} {[%emt 00:12:11]} 9. Nge2
{[%clk 01:16:58]} {[%emt 00:03:55]} Nbd7 {[%clk 00:50:14]} {[%emt 00:04:57]}
10. e5 {[%clk 01:10:21]} {[%emt 00:07:07]} Nh7 {[%clk 00:49:56]} {[%emt
00:00:48]} 11. O-O-O {[%clk 01:07:17]} {[%emt 00:03:34]} c5 {[%clk 00:48:12]}
{[%emt 00:02:14]} 12. dxc5 {[%clk 00:59:18]} {[%emt 00:08:29]} g5 {[%clk
00:32:31]} {[%emt 00:16:11]} 13. Be3 {[%clk 00:49:46]} {[%emt 00:10:03]} Nxe5
{[%clk 00:32:13]} {[%emt 00:00:47]} 14. Qd4 {[%clk 00:49:44]} {[%emt 00:00:33]}
Bf6 {[%clk 00:24:22]} {[%emt 00:08:20]} 15. Qa4+ {[%clk 00:35:16]} {[%emt
00:14:59]} Qd7 {[%clk 00:21:42]} {[%emt 00:03:09]} 16. Qb3 {[%clk 00:19:40]}
{[%emt 00:16:06]} Nc4 {[%clk 00:15:41]} {[%emt 00:06:31]} 17. Bd4 {[%clk
00:11:09]} {[%emt 00:09:01]} Qc7 {[%clk 00:14:28]} {[%emt 00:01:43]} 18. Bxf6
{[%clk 00:08:03]} {[%emt 00:03:36]} Nxf6 {[%clk 00:14:52]} {[%emt 00:00:06]}
19. Na4 {[%clk 00:07:16]} {[%emt 00:01:17]} Nd7 {[%clk 00:11:38]} {[%emt
00:03:43]} 20. Qc3 {[%clk 00:06:04]} {[%emt 00:01:43]} Rg8 {[%clk 00:04:37]}
{[%emt 00:07:31]} 21. b3 {[%clk 00:06:07]} {[%emt 00:00:27]} Na3 {[%clk
00:03:50]} {[%emt 00:01:17]} 22. Qb4 {[%clk 00:04:28]} {[%emt 00:02:10]} b5
{[%clk 00:02:15]} {[%emt 00:02:04]} 23. Qxa3 {[%clk 00:01:28]} {[%emt
00:03:30]} bxa4 {[%clk 00:02:42]} {[%emt 00:00:04]} 24. Qxa4 {[%clk 00:01:00]}
{[%emt 00:00:57]} Qxc5 {[%clk 00:02:54]} {[%emt 00:00:18]} 25. Qd4 {[%clk
00:01:08]} {[%emt 00:00:22]} Rc8 {[%clk 00:02:12]} {[%emt 00:01:12]} 26. Qxc5
{[%clk 00:01:00]} {[%emt 00:00:38]} Rxc5 {[%clk 00:02:32]} {[%emt 00:00:10]}
27. Rd3 {[%clk 00:01:10]} {[%emt 00:00:20]} Ke7 {[%clk 00:02:12]} {[%emt
00:00:51]} 28. Rc3 {[%clk 00:01:23]} {[%emt 00:00:17]} Rxc3 {[%clk 00:02:25]}
{[%emt 00:00:16]} 29. Nxc3 {[%clk 00:01:48]} {[%emt 00:00:04]} Rc8 {[%clk
00:02:25]} {[%emt 00:00:30]} 30. Kb2 {[%clk 00:02:05]} {[%emt 00:00:13]} Kd6
{[%clk 00:01:55]} {[%emt 00:01:00]} 31. Rd1 {[%clk 00:02:02]} {[%emt 00:00:34]}
f5 {[%clk 00:01:39]} {[%emt 00:00:46]} 32. h3 {[%clk 00:01:17]} {[%emt
00:01:15]} Nf8 {[%clk 00:01:22]} {[%emt 00:00:47]} 33. Rd4 {[%clk 00:01:06]}
{[%emt 00:00:41]} Ke5 {[%clk 00:00:49]} {[%emt 00:01:02]} 34. Ra4 {[%clk
00:01:16]} {[%emt 00:00:21]} Rc6 {[%clk 00:01:13]} {[%emt 00:00:07]} 35. Ne2
{[%clk 00:01:01]} {[%emt 00:00:44]} Ng6 {[%clk 00:01:03]} {[%emt 00:00:40]} 36.
g3 {[%clk 00:00:57]} {[%emt 00:00:34]} Ne7 {[%clk 00:00:42]} {[%emt 00:00:51]}
37. f4+ {[%clk 00:01:06]} {[%emt 00:00:21]} Kf6 {[%clk 00:00:50]} {[%emt
00:00:22]} 38. Rb4 {[%clk 00:00:56]} {[%emt 00:00:41]} e5 {[%clk 00:00:39]}
{[%emt 00:00:40]} 39. fxe5+ {[%clk 00:01:00]} {[%emt 00:00:26]} Kxe5 {[%clk
00:01:08]} {[%emt 00:00:02]} 40. Nd4 {[%clk 00:00:45]} {[%emt 00:00:44]} Rg6
{[%clk 00:00:39]} {[%emt 00:00:59]} 41. Nf3+ {[%clk 00:26:51]} {[%emt
00:04:24]} Kf6 {[%clk 00:30:48]} {[%emt 00:00:21]} 42. Rb6+ {[%clk 00:21:34]}
{[%emt 00:05:47]} Kg7 {[%clk 00:31:09]} {[%emt 00:00:09]} 43. Rxg6+ {[%clk
00:17:33]} {[%emt 00:04:31]} Kxg6 {[%clk 00:29:36]} {[%emt 00:02:03]} 44. Kc3
{[%clk 00:15:14]} {[%emt 00:02:49]} Nc6 {[%clk 00:23:00]} {[%emt 00:07:06]} 45.
b4 {[%clk 00:14:13]} {[%emt 00:01:31]} g4 {[%clk 00:14:19]} {[%emt 00:09:10]}
46. hxg4 {[%clk 00:10:32]} {[%emt 00:04:11]} hxg4 {[%clk 00:13:23]} {[%emt
00:01:26]} 47. Nh4+ {[%clk 00:09:34]} {[%emt 00:01:29]} Kf6 {[%clk 00:13:20]}
{[%emt 00:00:33]} 48. a4 {[%clk 00:09:27]} {[%emt 00:00:37]} Ke5 {[%clk
00:08:09]} {[%emt 00:05:41]} 49. b5 {[%clk 00:09:14]} {[%emt 00:00:43]} axb5
{[%clk 00:06:38]} {[%emt 00:02:01]} 50. axb5 {[%clk 00:09:33]} {[%emt
00:00:10]} Na5 {[%clk 00:00:36]} {[%emt 00:06:32]} 51. Kd3 {[%clk 00:07:01]}
{[%emt 00:03:03]} Nc4 {[%clk 00:00:42]} {[%emt 00:00:23]} 52. Ng6+ {[%clk
00:06:17]} {[%emt 00:01:14]} Kd6 {[%clk 00:00:51]} {[%emt 00:00:21]} 53. c3
{[%clk 00:00:52]} {[%emt 00:05:55]} Kc5 {[%clk 00:00:44]} {[%emt 00:00:37]} 54.
Ne7 {[%clk 00:01:12]} {[%emt 00:00:10]} Nd6 {[%clk 00:00:41]} {[%emt 00:00:33]}
55. b6 {[%clk 00:01:14]} {[%emt 00:00:29]} Kxb6 {[%clk 00:01:01]} {[%emt
00:00:10]} 56. Nxd5+ {[%clk 00:01:37]} {[%emt 00:00:06]} Kc6 {[%clk 00:00:48]}
{[%emt 00:00:44]} 57. Kd4 {[%clk 00:01:24]} {[%emt 00:00:43]} f4 {[%clk
00:00:34]} {[%emt 00:00:45]} 58. gxf4 {[%clk 00:01:10]} {[%emt 00:00:43]} g3
{[%clk 00:00:36]} {[%emt 00:00:28]} 59. Ne3 {[%clk 00:00:58]} {[%emt 00:00:42]}
Nf5+ {[%clk 00:00:38]} {[%emt 00:00:28]} 60. Kd3 {[%clk 00:00:46]} {[%emt
00:00:42]} Nh4 {[%clk 00:00:42]} {[%emt 00:00:26]} 61. Ke2 {[%clk 00:00:37]}
{[%emt 00:00:38]} Kd6 {[%clk 00:00:31]} {[%emt 00:00:41]} 62. c4 {[%clk
00:00:41]} {[%emt 00:00:26]} Kc5 {[%clk 00:00:38]} {[%emt 00:00:24]} 63. f5
{[%clk 00:00:42]} {[%emt 00:00:28]} 1/2-1/2

[Event "ODJM B 2024"]
[Site "Willingen GER"]
[Date "2024.05.20"]
[Round "3"]
[White "Meyer, Henry Paul"]
[Black "Fischer, Lorenz"]
[Result "1-0"]
[Termination "normal"]
[Board "12"]
[WhiteElo "1718"]
[BlackElo "1714"]
[WhiteClock "01:06:06"]
[BlackClock "01:00:40"]
[PlyCount "31"]
[WhiteFideId "34645802"]
[BlackFideId "16296710"]
[EventCountry "GER"]
[EventRounds "9"]
[EventType "swiss"]
[EventDate "2024.05.18"]

1. Nf3 {[%clk 01:30:57]} {[%emt 00:00:02]} Nf6 {[%clk 01:30:54]} {[%emt
00:00:08]} 2. g3 {[%clk 01:31:22]} {[%emt 00:00:04]} d5 {[%clk 01:30:57]}
{[%emt 00:00:28]} 3. Bg2 {[%clk 01:31:41]} {[%emt 00:00:10]} Bg4 {[%clk
01:31:20]} {[%emt 00:00:08]} 4. O-O {[%clk 01:31:28]} {[%emt 00:00:42]} e6
{[%clk 01:31:47]} {[%emt 00:00:03]} 5. d4 {[%clk 01:31:14]} {[%emt 00:00:43]}
c5 {[%clk 01:31:40]} {[%emt 00:00:38]} 6. c4 {[%clk 01:29:25]} {[%emt
00:02:19]} Nc6 {[%clk 01:28:34]} {[%emt 00:03:37]} 7. cxd5 {[%clk 01:25:31]}
{[%emt 00:04:23]} Nxd5 {[%clk 01:26:54]} {[%emt 00:02:11]} 8. Ne5 {[%clk
01:22:25]} {[%emt 00:03:35]} Nxe5 {[%clk 01:22:59]} {[%emt 00:04:25]} 9. dxe5
{[%clk 01:22:48]} {[%emt 00:00:07]} Be7 {[%clk 01:21:38]} {[%emt 00:01:51]} 10.
Qa4+ {[%clk 01:21:57]} {[%emt 00:01:20]} Qd7 {[%clk 01:20:44]} {[%emt
00:01:26]} 11. Qxg4 {[%clk 01:22:04]} {[%emt 00:00:21]} O-O-O {[%clk 01:17:05]}
{[%emt 00:04:10]} 12. Nc3 {[%clk 01:19:07]} {[%emt 00:03:26]} h5 {[%clk
01:14:03]} {[%emt 00:03:33]} 13. Qf3 {[%clk 01:16:40]} {[%emt 00:02:55]} Nb4
{[%clk 01:07:06]} {[%emt 00:07:29]} 14. Rd1 {[%clk 01:14:48]} {[%emt 00:02:21]}
Qc7 {[%clk 01:05:46]} {[%emt 00:01:52]} 15. Be3 {[%clk 01:13:36]} {[%emt
00:01:36]} a6 {[%clk 01:00:40]} {[%emt 00:05:42]} 16. Qxf7 {[%clk 01:06:06]}
{[%emt 00:07:58]} 1-0